000 00454nam a22001817a 4500
003 CEME
005 20210628203452.0
008 210122b xxu||||| |||| 00| 0 eng d
020 _a81-8030-019-6
040 _c.
082 _a530.3 KAT
100 _aKatiyar , R . L
_959893
245 _aEncyclopaedic dictionary of physics
260 _aINDIA
_bCAMPUS BOOKS
_c2003
300 _a3VOLS
650 _aDICTIONARY OF PHYSICS
_965642
942 _cBK
_2ddc
999 _c573796
_d573796